000 00305nam a22001337a 4500
008 170529b xxu||||| |||| 00| 0 eng d
020 _a082477812-X
041 _aeng
080 _a62
100 _a27
101 _aIM
245 _aSYSTEMS MODELING AND COMPUTER SIMULATION
_cKHEIR,N.A
942 _2udc
_cBK
999 _c14832
_d14832